World food survey.

Bibliographic Details
Corporate Author: Food and Agriculture Organization of the United Nations
Format: Serial
Language:English
Published: Rome [etc.] [publisher not identified] ;
Series:FFHC basic study ; no. 11.
Subjects:

MARC

Tag First Indicator Second Indicator Subfields
LEADER 00000cas a2200000 4500
001 in00000047660
005 20151007073442.0
008 750507c19469999it uu i0uuua0eng d
010 |a  47000345  
035 |a (OCoLC)01317647 
035 |9 AAE9746AM 
040 |a FUL  |c FUL  |d TXA  |d UtOrBLW 
049 |a TXAE  |c 1  |v 1  |y 1946 [435459]  |v 2  |y 1952 [213458]  |v 11  |y 1963 [435457]  |c 2  |v 1  |y 1946 [435460]  |v 11  |y 1963 [435458] 
050 0 0 |a TX353  |b .F58 
082 0 |b 613.2 
110 2 |a Food and Agriculture Organization of the United Nations. 
245 1 0 |a World food survey. 
264 1 |a Rome [etc.]  |b [publisher not identified] ; 
300 |a  volumes :  |b illustrations ;  |c 28 cm. 
336 |a text  |b txt  |2 rdacontent 
337 |a unmediated  |b n  |2 rdamedia 
338 |a volume  |b nc  |2 rdacarrier 
362 0 |a [1st]- July 1946- 
500 |a Volume for 1963 issued as Freedom from hunger campaign. Basic study number 11. 
650 0 |a Food supply. 
760 0 |a Freedom from hunger campaign.  |t Basic study 
830 0 |a FFHC basic study ;  |v no. 11. 
999 |a MARS 
999 f f |s e729bd36-2c88-3320-8155-dae5a9397422  |i 9fe60ea3-2469-3098-b65c-c424a914f66e  |t 0 
952 f f |p ric  |a Texas A&M University  |b Rellis Campus  |c Joint Library Facility  |d Remote Storage  |t 0  |e TX353 .F58  |h Library of Congress classification  |i unmediated -- volume  |k 1st  |l 1946  |m A14819092134 
952 f f |p normal  |a Texas A&M University  |b Rellis Campus  |c Joint Library Facility  |d Remote Storage  |t 0  |e TX353 .F58  |h Library of Congress classification  |i unmediated -- volume  |k 5th  |l 1987  |m A14812597133 
952 f f |p normal  |a Texas A&M University  |b Rellis Campus  |c Joint Library Facility  |d Remote Storage  |t 0  |e TX353 .F58  |h Library of Congress classification  |i unmediated -- volume  |k 2nd  |l 1952  |m A14819092231 
998 f f |a TX353 .F58  |s 1st-6th (1946-1996)  |t 0  |l Remote Storage